000 00231nam a2200097Ia 4500
001 648483
005 20250826153723.0
008 250824s9999 xx 000 0 und d
245 0 _aHAYLAZ KAVUN
_cROBERT ALLEN
260 _bGENÇ TİMAŞ
999 _c648483
_d648483